[Event "BIH-chT1 30th"]
[Site "Gorazde"]
[Date "2023.08.28"]
[Round "5.1"]
[White "Musovic, Armin"]
[Black "Kadric, Denis"]
[Result "1-0"]
[WhiteElo "2255"]
[BlackElo "2600"]
[PlyCount "81"]
[EventDate "2023.08.26"]
[EventType "team-tourn"]
[EventRounds "9"]
[EventCountry "BIH"]
[SourceTitle "EXT 2024"]
[Source "ChessBase"]
[SourceDate "2023.10.10"]
[SourceVersion "1"]
[SourceVersionDate "2023.10.10"]
[SourceQuality "1"]

1. a3 Nf6 2. c4 e5 3. Nc3 c6 4. d4 d6 5. dxe5 dxe5 6. Qxd8+ Kxd8 7. Bg5 Be6 8. Nf3 Nbd7 9. e4 a5 10. h3 Be7 11. Be2 Ne8 12. Rd1 f6 13. Bh4 a4 14. 0-0 Nd6 15. Nxe5 fxe5 16. Rxd6 Bxh4 17. Rxe6 Kc7 18. Rd1 Bf6 19. Red6 Nc5 20. Bg4 Ra6 21. g3 Rb6 22. R6d2 Bg5 23. Rd7+ Kb8 24. Rxg7 Bh6 25. Re7 Rxb2 26. Rxe5 Bg7 27. Rxc5 Bxc3 28. Rd3 Be1 29. Rf5 Re8 30. e5 Rb3 31. Rd1 Bc3 32. e6 Rxa3 33. Rf7 Ra1 34. Rxa1 Bxa1 35. e7 Kc7 36. c5 b5 37. cxb6+ Kd6 38. b7 Be5 39. Rf5 a3 40. Rxe5 Kxe5 41. Bc8 1-0

[Event "Titled Tuesday intern op 22nd Aug Late"]
[Site "Chess.com INT"]
[Date "2023.08.22"]
[Round "1"]
[White "Kiseljova, Marya"]
[Black "Musovic, Armin"]
[Result "0-1"]
[WhiteElo "2031"]
[BlackElo "2255"]
[PlyCount "54"]
[EventDate "2023.08.22"]
[EventType "swiss (blitz)"]
[EventRounds "11"]
[EventCountry "USA"]
[SourceTitle "EXT 2024"]
[Source "ChessBase"]
[SourceDate "2023.10.10"]
[SourceVersion "1"]
[SourceVersionDate "2023.10.10"]
[SourceQuality "1"]

1. d4 d5 2. c4 c5 3. cxd5 Nf6 4. dxc5 e6 5. dxe6 Qxd1+ 6. Kxd1 Bxe6 7. Nf3 Bxc5 8. e3 Nc6 9. Bb5 0-0-0+ 10. Ke2 Nb4 11. Na3 a6 12. Bc4 Bg4 13. Bd2 Kb8 14. Bc3 Ne4 15. h3 Bh5 16. g4 Bg6 17. Bxg7 Rhe8 18. Bc3 Ng3+ 19. fxg3 Rxe3+ 20. Kf1 Rxf3+ 21. Kg2 Rf2+ 22. Kg1 Rf4+ 23. Kg2 Be4+ 24. Kh2 Rf2+ 25. Kg1 Rxb2+ 26. Kf1 Bg2+ 27. Ke1 Bf2# 0-1

[Event "Titled Tuesday intern op 22nd Aug Late"]
[Site "Chess.com INT"]
[Date "2023.08.22"]
[Round "2"]
[White "Rasulov, Vugar Ural Oglu"]
[Black "Musovic, Armin"]
[Result "1-0"]
[WhiteElo "2549"]
[BlackElo "2255"]
[PlyCount "87"]
[EventDate "2023.08.22"]
[EventType "swiss (blitz)"]
[EventRounds "11"]
[EventCountry "USA"]
[SourceTitle "EXT 2024"]
[Source "ChessBase"]
[SourceDate "2023.10.10"]
[SourceVersion "1"]
[SourceVersionDate "2023.10.10"]
[SourceQuality "1"]

1. c4 c5 2. Nc3 g6 3. e3 Bg7 4. d4 cxd4 5. exd4 Nf6 6. d5 d6 7. Nf3 Nbd7 8. Be2 0-0 9. 0-0 a6 10. Re1 Re8 11. Bf1 h6 12. h3 g5 13. Be3 b5 14. Nd4 Ne5 15. cxb5 axb5 16. Bxb5 Bd7 17. Nc6 Bxc6 18. dxc6 Qa5 19. Bd4 Reb8 20. a4 Qc7 21. Bxe5 dxe5 22. Rc1 e6 23. Qf3 e4 24. Nxe4 Nxe4 25. Qxe4 Bxb2 26. Rcd1 Bc3 27. Rd7 Qa5 28. Red1 Bg7 29. h4 Rc8 30. hxg5 hxg5 31. g3 Qc3 32. Kg2 Qf6 33. c7 Qc3 34. Rd8+ Bf8 35. Qe3 Qxe3 36. fxe3 Kg7 37. Rxc8 Rxc8 38. Rd7 Bd6 39. Rxd6 Rxc7 40. Rd2 Rc3 41. Ra2 Rxe3 42. a5 Rc3 43. a6 Rc8 44. a7 1-0